Estilos cognitivos como modalidades de procesamiento de la información: una exploración en las áreas de matemáticvas y lenguaje
Este libro contiene el informe de investigación del primer proyecto de la línea sobre modalidades de procesamiento de información desarrollado por el "Programa Investigativo Estilos Cognitivos en Colombia".
Gespeichert in:
| 1. Verfasser: | |
|---|---|
| Weitere Verfasser: | |
| Format: | Buch |
| Sprache: | Spanish |
| Veröffentlicht: |
Bogotá:
Universidad Pedagógica Nacional ; Colciencias,
1998
|
| Schlagworte: | |
| Online Zugang: | Enlace del recurso |
| Tags: |
Tag hinzufügen
Keine Tags, Fügen Sie den ersten Tag hinzu!
|
MARC
| LEADER | 00000nam a2200000 a 4500 | ||
|---|---|---|---|
| 001 | 001020 | ||
| 008 | 030505s1998 ck a fr# #000|0#spa#d | ||
| 020 | |a 958-9097-19-7 | ||
| 041 | 0 | |a spa | |
| 043 | |a s-ck--- | ||
| 082 | 0 | 4 | |a 153.4 |b H222e |
| 100 | 1 | |a Hederich Martínez, Christian | |
| 245 | 1 | 0 | |a Estilos cognitivos como modalidades de procesamiento de la información: |b una exploración en las áreas de matemáticvas y lenguaje |c Christian Hederich Martínez; Angela Camargo Uribe |
| 260 | |a Bogotá: |b Universidad Pedagógica Nacional ; Colciencias, |c 1998 | ||
| 300 | |a 195 p.: |b il., gráf., tabl. | ||
| 504 | |a Incluye bibliografía. | ||
| 520 | 3 | |a Este libro contiene el informe de investigación del primer proyecto de la línea sobre modalidades de procesamiento de información desarrollado por el "Programa Investigativo Estilos Cognitivos en Colombia". | |
| 650 | 1 | 4 | |a PROCESO MENTAL DE LA INFORMACIÓN |
| 650 | 1 | 4 | |a PSICOLOGÍA COGNITIVA |
| 700 | 1 | |a Camargo Uribe, Angela | |
| 999 | |c 3172 |d 3172 | ||
| 856 | |u https://catalogo.idep.edu.co/cgi-bin/koha/opac-detail.pl?biblionumber=3172 |z Enlace del recurso | ||